Humbug Tracklist (Arctic Monkeys) - Statistics

General Stats
  • This quiz has been taken 159 times
  • The average score is 8 of 10
Answer Stats
Hint Answer % Correct
2 Crying Lightning
96%
7 Cornerstone
93%
1 My Propeller
93%
4 Secret Door
90%
9 Pretty Visitors
85%
3 Dangerous Animals
83%
8 Dance Little Liar
81%
5 Potion Approaching
77%
6 Fire And The Thud
76%
10 The Jeweller's Hands
76%
No matching quizzes found
Score Distribution
Percent of People with Each Score
Percentile by Number Answered
Your Score History
You have not taken this quiz